Ramón a study of Gómez de la Serna and his works

Na minha lista:
Detalhes bibliográficos
Autor principal: Cardona, Rodolfo
Formato: Livro
Idioma:Undetermined
Publicado em: New York, Estados Unidos Eliseo Torres y Sons 1957
Assuntos:
Tags: Adicionar Tag
Sem tags, seja o primeiro a adicionar uma tag!

MARC

LEADER 00000nam a2200000Ia 4500
008 170316s9999 xx 000 0 und d
040 |a cru BVZT 
090 |a 862 C-15r 
100 |a Cardona, Rodolfo 
245 |a Ramón  |b a study of Gómez de la Serna and his works  |c Rodolfo Cardona 
260 |a New York, Estados Unidos 
260 |b Eliseo Torres y Sons 
260 |c 1957 
300 |a 188 páginas 
650 |a LITERATURA ESPAÑOLA 
942 |j 15 D 
999 |c 9616  |d 9616